000 00838pam a2200289 i 4500
001 vtls000981633
003 PNM
005 20230912100046.0
008 230308s2023 my g 000 0 may
020 _a9786299730941
_cRM49.00
_qpaperback
039 9 _a202303091115
_bhaslinda_m
040 _aBNM
_beng
_cBNM
_erda
_dPPAK
049 _amal
082 0 4 _223
_a158.1
090 0 0 _a158.1
_bHAF
_dG
100 0 _aHafizul Faiz,
_eauthor.
245 1 0 _atentang dewasa /
_cHafizul Faiz
264 1 _aPutrajaya :
_bTentang Kita Empire,
_c[2023]
300 _a169 pages ;
_c19 cm
336 _atext
_2rdacontent
337 _aunmediated
_2rdamedia
338 _avolume
_2rdacarrier
650 1 0 _aSelf-actualization (Psychology)
650 2 0 _aSelf-realization
650 2 0 _aMotivation (Psychology)
942 _2ddc
_cB
999 _c193018
_d193018